000 00650nam a2200265Ia 4500
005 20260121114445.0
008 008 260114s9999 xx 000 0 eng d
020 _a9789357467810
037 _aEBOOK
040 _aCRL
040 _beng
040 _cCRL
041 _2eng
041 _aeng
084 _qCRL
100 _aAli H. Sayed
_9975359
245 0 _aFundamentals of Adaptive Filtering
260 _bWiley
260 _c2024
650 _aElectrical & Electronics Engineering
_9975360
856 _uhttps://ebooks.wileyindia.com/product-details/470748
942 _cEBOOK
999 _c1554294
_d1554294